Miesto rétoriky vo vzdelávaní pedagógov
Holistické poňatie náuky o verbálnom a neverbálnom prejave a jej praktické ulatňovanie v pedagogickej a nepedagogicej praxi.
Gespeichert in:
| 1. Verfasser: | |
|---|---|
| Weitere Verfasser: | |
| Format: | Buchkapitel |
| Sprache: | Slowakisch |
| Schlagworte: | |
| Tags: |
Keine Tags, Fügen Sie das erste Tag hinzu!
|
MARC
| LEADER | 00000naa a2200000 4500 | ||
|---|---|---|---|
| 001 | 0240354 | ||
| 005 | 20230616121215.6 | ||
| 041 | 0 | |a slo | |
| 044 | |a SK | ||
| 245 | 1 | 0 | |a Miesto rétoriky vo vzdelávaní pedagógov |c Ľudmila Solenská, Ľubica Rovanová |
| 520 | |a Holistické poňatie náuky o verbálnom a neverbálnom prejave a jej praktické ulatňovanie v pedagogickej a nepedagogicej praxi. | ||
| 610 | 2 | 0 | |a rétorika |
| 610 | 2 | 0 | |a pedagógovia |
| 610 | 2 | 0 | |a výučba vedecká |
| 610 | 2 | 0 | |a komunikácia |
| 610 | 2 | 0 | |a kompetencie |
| 100 | 1 | |a Solenská, Ľudmila | |
| 700 | 1 | |a Rovanová, Ľubica | |